000 00540nam a22001937a 4500
999 _c7830
_d7830
003 GBCCL
005 20241126110637.0
008 181009b ||||| |||| 00| 0 eng d
020 _a1850810755
040 _cGBC
082 _a220.0202
_bBEW
100 _aBewes, Richard
_913677
245 _aThe Bible Man Salvation /
_cby Richard Bewes and Robert T Hicks
260 _aEngland :
_bCreative publishing,
_c1981
300 _av. ;
_c19cm.
440 _aCreative pocket book
_913678
650 _aBible
_vpocket book
_913679
942 _2ddc
_cBK